| 000 | 00667nam a22001817a 4500 | ||
|---|---|---|---|
| 999 |
_c8385 _d8385 |
||
| 003 | AR-CdUCM | ||
| 008 | 190325b ||||| |||| 00| 0 spa d | ||
| 040 |
_aMUNICIPALIDAD PROVINCIAL DEL CUSCO _cBIBLIOTECA MUNICIPAL DEL CUSCO |
||
| 082 |
_a079.82 / _bM26 |
||
| 100 |
_aMarco, Miguel Angel De _923536 |
||
| 245 | _aEl periodismo en Rosario Sarmiento, su iniciador / | ||
| 260 |
_aRosario : _bUniversidad Nacional del Litoral, _c1961. |
||
| 300 |
_a48 pƔginas ; _bIlustraciones, _c22.5 cm. |
||
| 505 | _aEl primer impreso -- La confederación -- El comercio -- El progreso -- El eco comercial ... | ||
| 650 |
_aPeriodismo _91929 |
||
| 942 |
_2ddc _cLIBROS |
||
| 945 | _aacv | ||